000 00801nam a2200241 i 4500
001 84317
003 ES-MaACL
005 20250926063051.0
007 t|
008 041122s1974 ag ||||1| spa d
100 1 _aJames, William,
_d1842-1910
_965978
245 1 3 _aEl significado de la verdad /
_cWilliam James ; traducción del inglés y prólogo de Luis Rodríguez Aranda.
250 _a[4ª ed.].
260 _a[Buenos Aires] :
_bAguilar,
_c[1974]
300 _a116 p. ;
_c19 cm.
490 1 _aBiblioteca de iniciación filosófica
650 0 4 _aVerdad.
_917765
650 0 7 _aPragmatismo
_2embne
_916336
700 1 _aRodríguez Aranda, Luis.
_998344
830 0 _aBiblioteca de iniciación filosófica
_9181447
852 _aES-MaACL
_jE-8953
_bR.93261
999 _c84317
_d84317